[Event "WCO 2016"]
[Site "?"]
[Date "2016.09.13"]
[Round "11"]
[Board "30"]
[WhiteID "4114310"]
[White "Obodchuk Andrei"]
[BlackID "3500594"]
[Black "Pinal Borges Nelson"]
[Result "1/2-1/2"]
[BlackElo "2320"]
[WhiteElo "2402"]
[LiveChessVersion "1.4.8"]

1. e4 {[%clk 1:30:18]} c5 {[%clk 1:30:41]} 2. Nf3 {[%clk 1:30:40]} Nc6
{[%clk 1:31:01]} 3. Bb5 {[%clk 1:30:58]} g6 {[%clk 1:30:25]} 4. Bxc6
{[%clk 1:31:05]} dxc6 {[%clk 1:30:53]} 5. d3 {[%clk 1:31:17]} Bg7
{[%clk 1:30:47]} 6. h3 {[%clk 1:31:35]} Nf6 {[%clk 1:28:39]} 7. Nc3
{[%clk 1:30:55]} O-O {[%clk 1:27:29]} 8. Be3 {[%clk 1:30:57]} b6 {[%clk 1:26:56]}
9. Qd2 {[%clk 1:28:22]} Re8 {[%clk 1:22:09]} 10. Bh6 {[%clk 1:27:26]} e5
{[%clk 1:18:22]} 11. Bxg7 {[%clk 1:27:44]} Kxg7 {[%clk 1:18:51]} 12. O-O
{[%clk 1:27:51]} Nh5 {[%clk 1:15:21]} 13. Ne2 {[%clk 1:27:56]} Qf6
{[%clk 1:14:28]} 14. Nh2 {[%clk 1:26:17]} g5 {[%clk 1:12:55]} 15. Ng4
{[%clk 1:21:21]} Bxg4 {[%clk 1:05:11]} 16. hxg4 {[%clk 1:21:44]} Nf4
{[%clk 1:05:38]} 17. Ng3 {[%clk 1:21:59]} Kh8 {[%clk 0:59:46]} 18. Nf5
{[%clk 1:18:55]} Rg8 {[%clk 0:56:12]} 19. g3 {[%clk 1:18:27]} Ne6
{[%clk 0:56:37]} 20. Kg2 {[%clk 1:18:29]} Nd4 {[%clk 0:56:01]} 21. Rh1
{[%clk 1:18:04]} Nxf5 {[%clk 0:56:23]} 22. gxf5 {[%clk 1:18:16]} Rg7
{[%clk 0:54:50]} 23. Rh5 {[%clk 1:18:25]} Qe7 {[%clk 0:54:00]} 24. Qc3
{[%clk 1:16:48]} f6 {[%clk 0:42:26]} 25. a3 {[%clk 1:15:27]} Rd8 {[%clk 0:37:34]}
26. b4 {[%clk 1:14:39]} Rd4 {[%clk 0:34:03]} 27. bxc5 {[%clk 1:07:42]} Qxc5
{[%clk 0:34:15]} 28. Qb3 {[%clk 1:07:59]} Qe7 {[%clk 0:27:31]} 29. Rh6
{[%clk 1:07:47]} Rd6 {[%clk 0:24:15]} 30. a4 {[%clk 1:06:45]} Qf7
{[%clk 0:14:56]} 31. Qc3 {[%clk 1:06:14]} Qd7 {[%clk 0:13:08]} 32. a5
{[%clk 1:04:30]} b5 {[%clk 0:09:26]} 33. a6 {[%clk 1:04:52]} Rf7 {[%clk 0:08:50]}
34. Rb1 {[%clk 1:01:30]} Rd4 {[%clk 0:08:32]} 35. Rhh1 {[%clk 0:51:42]} Ra4
{[%clk 0:06:29]} 36. Ra1 {[%clk 0:51:22]} Rxa1 {[%clk 0:06:43]} 37. Rxa1
{[%clk 0:51:36]} Qd6 {[%clk 0:06:45]} 38. Qb3 {[%clk 0:51:30]} Kg7
{[%clk 0:06:01]} 39. Rd1 {[%clk 0:51:32]} Rd7 {[%clk 0:04:43]} 40. c3
{[%clk 1:21:44]} Qc5 {[%clk 0:32:07]} 41. Rd2 {[%clk 1:15:54]} Rd6
{[%clk 0:28:24]} 42. Qb2 {[%clk 1:14:10]} Qb6 {[%clk 0:19:07]} 43. d4
{[%clk 1:13:56]} Qd8 {[%clk 0:19:09]} 44. Qb4 {[%clk 1:10:06]} Rd7
{[%clk 0:16:30]} 45. Qc5 {[%clk 1:09:19]} Qc7 {[%clk 0:12:43]} 46. d5
{[%clk 1:01:11]} Rd6 {[%clk 0:12:49]} 47. Rb2 {[%clk 1:00:47]} Qd7
{[%clk 0:12:50]} 48. c4 {[%clk 0:58:51]} Kh6 {[%clk 0:08:50]} 49. dxc6
{[%clk 0:57:00]} Qxc6 {[%clk 0:06:21]} 50. Qxc6 {[%clk 0:57:23]} Rxc6
{[%clk 0:06:45]} 51. cxb5 {[%clk 0:57:50]} Rb6 {[%clk 0:07:07]} 52. Kf3
{[%clk 0:58:03]} Kg7 {[%clk 0:06:17]} 53. Ke3 {[%clk 0:58:05]} h5
{[%clk 0:06:40]} 54. Kd3 {[%clk 0:58:25]} h4 {[%clk 0:06:57]} 55. gxh4
{[%clk 0:55:31]} gxh4 {[%clk 0:07:25]} 56. Ke3 {[%clk 0:55:36]} Kh6
{[%clk 0:07:34]} 57. f4 {[%clk 0:55:53]} Kh5 {[%clk 0:05:47]} 58. fxe5
{[%clk 0:56:07]} fxe5 {[%clk 0:06:15]} 59. Kf3 {[%clk 0:56:01]} Kg5
{[%clk 0:04:56]} 60. Rb1 {[%clk 0:53:17]} Kh5 {[%clk 0:03:51]} 61. Rb3
{[%clk 0:45:20]} Kg5 {[%clk 0:04:04]} 62. Rb2 {[%clk 0:45:44]} Kh5
{[%clk 0:04:22]} 63. Kg2 {[%clk 0:43:45]} Kg4 {[%clk 0:04:07]} 64. Rf2
{[%clk 0:43:57]} Rxb5 {[%clk 0:02:16]} 65. f6 {[%clk 0:41:26]} Rb8
{[%clk 0:02:25]} 66. f7 {[%clk 0:41:49]} Rf8 {[%clk 0:02:53]} 67. Kh2
{[%clk 0:39:10]} h3 {[%clk 0:02:16]} 68. Rf6 {[%clk 0:39:04]} Kh4
{[%clk 0:02:01]} 69. Rh6+ {[%clk 0:37:54]} Kg5 {[%clk 0:01:49]} 70. Re6
{[%clk 0:37:14]} Rxf7 {[%clk 0:01:34]} 71. Rxe5+ {[%clk 0:37:42]} Kf4
{[%clk 0:01:43]} 72. Re6 {[%clk 0:36:57]} Kg4 {[%clk 0:01:50]} 73. Rg6+
{[%clk 0:35:35]} Kf4 {[%clk 0:01:48]} 74. Re6 1/2-1/2

[Event "WCO 2016"]
[Site "?"]
[Date "2016.09.13"]
[Round "11"]
[Board "31"]
[WhiteID "6405525"]
[White "Abreu Jean Carlos Paul"]
[BlackID "13503391"]
[Black "Gurbanov Andrei"]
[Result "0-1"]
[BlackElo "2322"]
[WhiteElo "2326"]
[LiveChessVersion "1.4.8"]

1. Nf3 {[%clk 1:30:44]} Nf6 {[%clk 1:30:30]} 2. c4 {[%clk 1:30:59]} e6
{[%clk 1:30:46]} 3. g3 {[%clk 1:30:13]} d5 {[%clk 1:30:44]} 4. d4
{[%clk 1:28:43]} Be7 {[%clk 1:28:49]} 5. Bg2 {[%clk 1:28:56]} O-O
{[%clk 1:28:53]} 6. O-O {[%clk 1:29:20]} dxc4 {[%clk 1:29:20]} 7. Qc2
{[%clk 1:29:29]} a6 {[%clk 1:29:26]} 8. Qxc4 {[%clk 1:27:18]} b5 {[%clk 1:29:41]}
9. Qc2 {[%clk 1:27:39]} Bb7 {[%clk 1:30:06]} 10. Bd2 {[%clk 1:27:57]} Be4
{[%clk 1:29:43]} 11. Qc1 {[%clk 1:27:52]} Bb7 {[%clk 1:26:19]} 12. Rd1
{[%clk 1:21:33]} Bd6 {[%clk 1:18:25]} 13. a3 {[%clk 1:17:13]} Nbd7
{[%clk 1:16:40]} 14. Bf4 {[%clk 0:49:38]} Nd5 {[%clk 1:14:40]} 15. Bg5
{[%clk 0:48:01]} f6 {[%clk 1:06:46]} 16. Bd2 {[%clk 0:48:22]} Qe8
{[%clk 1:02:59]} 17. e4 {[%clk 0:43:07]} N5b6 {[%clk 1:02:43]} 18. Nc3
{[%clk 0:41:55]} Qh5 {[%clk 0:59:52]} 19. Qc2 {[%clk 0:40:53]} Nc4
{[%clk 0:55:07]} 20. Bc1 {[%clk 0:40:54]} f5 {[%clk 0:51:40]} 21. Ng5
{[%clk 0:38:26]} e5 {[%clk 0:47:39]} 22. Bf3 {[%clk 0:33:28]} Qe8
{[%clk 0:41:11]} 23. d5 {[%clk 0:33:11]} f4 {[%clk 0:40:23]} 24. gxf4
{[%clk 0:29:30]} h6 {[%clk 0:36:17]} 25. Ne6 {[%clk 0:29:44]} exf4
{[%clk 0:36:27]} 26. Kh1 {[%clk 0:28:06]} Nde5 {[%clk 0:34:01]} 27. Rg1
{[%clk 0:24:51]} g5 {[%clk 0:32:25]} 28. Qe2 {[%clk 0:25:01]} Rf6
{[%clk 0:23:06]} 29. Nd4 {[%clk 0:03:14]} Bc8 {[%clk 0:22:14]} 30. b3
{[%clk 0:02:25]} Nxf3 {[%clk 0:22:14]} 31. Nxf3 {[%clk 0:02:37]} Ne5
{[%clk 0:22:32]} 32. Nxe5 {[%clk 0:02:45]} Bxe5 {[%clk 0:22:22]} 33. Qf3
{[%clk 0:02:03]} Qg6 {[%clk 0:19:31]} 34. Bb2 {[%clk 0:01:45]} g4
{[%clk 0:19:42]} 35. Qd3 {[%clk 0:01:52]} f3 {[%clk 0:18:17]} 36. Rg3
{[%clk 0:02:12]} Bxg3 {[%clk 0:17:19]} 37. hxg3 {[%clk 0:02:30]} Qh5+
{[%clk 0:15:58]} 38. Kg1 {[%clk 0:02:55]} Qh3 {[%clk 0:15:55]} 39. Qf1
{[%clk 0:03:17]} Qxf1+ {[%clk 0:15:59]} 40. Kxf1 {[%clk 0:33:42]} Rg6
{[%clk 0:45:55]} 41. Nd1 {[%clk 0:29:19]} Bd7 {[%clk 0:45:30]} 42. Ne3
{[%clk 0:29:22]} c6 {[%clk 0:45:14]} 43. Rd1 {[%clk 0:28:37]} Re8
{[%clk 0:43:52]} 44. e5 {[%clk 0:23:18]} cxd5 {[%clk 0:37:59]} 45. Nxd5
{[%clk 0:23:40]} Be6 {[%clk 0:37:19]} 46. Nf6+ {[%clk 0:24:02]} Rxf6
{[%clk 0:37:45]} 47. exf6 {[%clk 0:24:28]} Bxb3 {[%clk 0:38:09]} 48. Rd7
{[%clk 0:17:15]} Bf7 {[%clk 0:38:22]} 49. Re7 {[%clk 0:09:38]} Rd8
{[%clk 0:38:21]} 50. Kg1 {[%clk 0:09:42]} Rd1+ {[%clk 0:38:31]} 51. Kh2
{[%clk 0:09:52]} Rd2 {[%clk 0:38:53]} 52. Be5 {[%clk 0:09:47]} Rxf2+
{[%clk 0:39:15]} 53. Kg1 {[%clk 0:10:07]} Rg2+ {[%clk 0:39:28]} 54. Kh1
{[%clk 0:10:19]} Ra2 {[%clk 0:39:32]} 55. Bd4 {[%clk 0:09:12]} f2
{[%clk 0:39:18]} 56. Kg2 {[%clk 0:09:22]} Bd5+ {[%clk 0:39:42]} 57. Kf1
{[%clk 0:09:41]} 0-1

[Event "WCO 2016"]
[Site "?"]
[Date "2016.09.13"]
[Round "11"]
[Board "32"]
[WhiteID "4135920"]
[White "Mikheev Stanislav"]
[BlackID "6405096"]
[Black "Guzman Christopher"]
[Result "1-0"]
[BlackElo "2259"]
[WhiteElo "2283"]
[LiveChessVersion "1.4.8"]

1. d4 {[%clk 1:30:56]} Nf6 {[%clk 1:28:37]} 2. c4 {[%clk 1:30:00]} e6
{[%clk 1:26:05]} 3. Nf3 {[%clk 1:28:10]} b6 {[%clk 1:26:28]} 4. g3
{[%clk 1:28:09]} Bb7 {[%clk 1:26:56]} 5. Bg2 {[%clk 1:28:25]} Be7
{[%clk 1:27:12]} 6. O-O {[%clk 1:28:32]} O-O {[%clk 1:27:40]} 7. d5
{[%clk 1:28:01]} exd5 {[%clk 1:28:08]} 8. Nh4 {[%clk 1:28:25]} c6
{[%clk 1:28:33]} 9. cxd5 {[%clk 1:28:43]} Nxd5 {[%clk 1:29:00]} 10. Nf5
{[%clk 1:29:00]} Nc7 {[%clk 1:29:22]} 11. Nc3 {[%clk 1:28:54]} d5
{[%clk 1:29:48]} 12. e4 {[%clk 1:28:57]} Bf6 {[%clk 1:30:17]} 13. exd5
{[%clk 1:28:21]} Nxd5 {[%clk 1:22:40]} 14. Nxd5 {[%clk 1:27:31]} cxd5
{[%clk 1:23:08]} 15. Ne3 {[%clk 1:27:18]} Nc6 {[%clk 1:11:45]} 16. Nxd5
{[%clk 1:27:34]} Na5 {[%clk 1:11:51]} 17. Bf4 {[%clk 1:11:24]} Rc8
{[%clk 1:10:59]} 18. Re1 {[%clk 0:58:07]} Bxd5 {[%clk 1:02:38]} 19. Bxd5
{[%clk 0:58:34]} Bxb2 {[%clk 0:58:40]} 20. Rb1 {[%clk 0:59:02]} Bf6
{[%clk 0:57:19]} 21. Qd3 {[%clk 0:57:34]} Qd7 {[%clk 0:54:15]} 22. Red1
{[%clk 0:53:12]} Rfd8 {[%clk 0:52:52]} 23. Qf3 {[%clk 0:50:13]} Qa4
{[%clk 0:47:57]} 24. g4 {[%clk 0:39:12]} Qe8 {[%clk 0:26:39]} 25. g5
{[%clk 0:36:42]} Be7 {[%clk 0:26:04]} 26. h4 {[%clk 0:30:31]} Nc4
{[%clk 0:25:36]} 27. h5 {[%clk 0:30:06]} g6 {[%clk 0:25:33]} 28. hxg6
{[%clk 0:29:33]} hxg6 {[%clk 0:25:49]} 29. Qe4 {[%clk 0:29:30]} Rxd5
{[%clk 0:25:44]} 30. Rxd5 {[%clk 0:29:09]} Bc5 {[%clk 0:23:35]} 31. Re1
{[%clk 0:28:23]} Qa4 {[%clk 0:20:55]} 32. Be5 {[%clk 0:16:41]} Qxa2
{[%clk 0:20:05]} 33. Rxc5 {[%clk 0:16:44]} bxc5 {[%clk 0:19:32]} 34. Bf6
{[%clk 0:17:01]} Nd2 {[%clk 0:17:01]} 35. Qh1 {[%clk 0:16:01]} Nf3+
{[%clk 0:16:49]} 36. Qxf3 {[%clk 0:16:28]} Qd2 {[%clk 0:16:44]} 37. Qe4
{[%clk 0:15:13]} Rf8 {[%clk 0:17:02]} 38. Kg2 {[%clk 0:15:21]} Qb4
{[%clk 0:17:24]} 39. Qxb4 {[%clk 0:15:40]} cxb4 {[%clk 0:17:53]} 40. Rh1
{[%clk 0:45:56]} 1-0

[Event "WCO 2016"]
[Site "?"]
[Date "2016.09.13"]
[Round "11"]
[Board "2"]
[WhiteID "4167570"]
[White "Gunina Valentina"]
[BlackID "8603006"]
[Black "Ju Wenjun"]
[Result "0-1"]
[BlackElo "2583"]
[WhiteElo "2520"]
[LiveChessVersion "1.4.8"]

1. d4 {[%clk 1:30:54]} Nf6 {[%clk 1:30:55]} 2. c4 {[%clk 1:31:14]} e6
{[%clk 1:31:09]} 3. Nf3 {[%clk 1:31:38]} d5 {[%clk 1:31:31]} 4. g3
{[%clk 1:31:55]} Bb4+ {[%clk 1:29:18]} 5. Bd2 {[%clk 1:31:20]} Be7
{[%clk 1:29:36]} 6. Bg2 {[%clk 1:31:42]} O-O {[%clk 1:29:46]} 7. O-O
{[%clk 1:32:04]} c6 {[%clk 1:28:59]} 8. Qc2 {[%clk 1:27:27]} b6 {[%clk 1:28:57]}
9. b3 {[%clk 1:23:28]} a5 {[%clk 1:28:46]} 10. Bf4 {[%clk 1:17:39]} Nbd7
{[%clk 1:13:34]} 11. Nc3 {[%clk 1:14:48]} Ba6 {[%clk 1:12:30]} 12. Nd2
{[%clk 1:08:45]} Nh5 {[%clk 1:06:11]} 13. Be3 {[%clk 1:02:54]} Rc8
{[%clk 1:02:31]} 14. Rfd1 {[%clk 0:49:52]} Nhf6 {[%clk 0:54:56]} 15. h3
{[%clk 0:40:47]} b5 {[%clk 0:47:31]} 16. a3 {[%clk 0:38:12]} bxc4
{[%clk 0:45:55]} 17. bxc4 {[%clk 0:38:38]} dxc4 {[%clk 0:46:22]} 18. Bg5
{[%clk 0:37:52]} c5 {[%clk 0:34:01]} 19. dxc5 {[%clk 0:36:02]} Bxc5
{[%clk 0:34:17]} 20. Nde4 {[%clk 0:35:54]} Qc7 {[%clk 0:31:08]} 21. Bf4
{[%clk 0:27:55]} e5 {[%clk 0:29:48]} 22. Bg5 {[%clk 0:27:21]} Nxe4
{[%clk 0:20:37]} 23. Bxe4 {[%clk 0:26:41]} h6 {[%clk 0:21:06]} 24. Bxh6
{[%clk 0:15:22]} gxh6 {[%clk 0:21:27]} 25. Qd2 {[%clk 0:15:48]} Kg7
{[%clk 0:16:53]} 26. Qxd7 {[%clk 0:15:19]} Qxd7 {[%clk 0:17:20]} 27. Rxd7
{[%clk 0:15:46]} Bd4 {[%clk 0:12:12]} 28. Rc1 {[%clk 0:15:29]} Rfd8
{[%clk 0:12:39]} 29. Rd5 {[%clk 0:07:43]} Rxd5 {[%clk 0:09:56]} 30. Bxd5
{[%clk 0:08:09]} Rd8 {[%clk 0:09:26]} 31. Bc6 {[%clk 0:07:45]} Rb8
{[%clk 0:08:50]} 32. a4 {[%clk 0:01:39]} Bxc3 {[%clk 0:04:30]} 33. Rxc3
{[%clk 0:02:06]} Rb3 {[%clk 0:04:51]} 34. Rc2 {[%clk 0:01:41]} Kf6
{[%clk 0:05:00]} 35. Kg2 {[%clk 0:01:33]} Ke6 {[%clk 0:05:13]} 36. e4
{[%clk 0:00:50]} Ke7 {[%clk 0:03:34]} 37. Rd2 {[%clk 0:00:40]} Rd3
{[%clk 0:02:57]} 38. Rc2 {[%clk 0:00:40]} Rb3 {[%clk 0:01:35]} 39. Bd5
{[%clk 0:00:52]} Rb4 {[%clk 0:01:56]} 40. Rd2 {[%clk 0:30:58]} Bc8
{[%clk 0:31:24]} 41. Bc6 {[%clk 0:20:29]} c3 {[%clk 0:23:32]} 42. Rc2
{[%clk 0:20:26]} Rb3 {[%clk 0:23:53]} 43. Kf3 {[%clk 0:17:32]} Bxh3
{[%clk 0:19:05]} 44. Ke2 {[%clk 0:17:51]} f6 {[%clk 0:17:48]} 45. Rc1
{[%clk 0:12:42]} Kd6 {[%clk 0:14:46]} 46. Be8 {[%clk 0:10:49]} Kc5
{[%clk 0:13:06]} 47. Bf7 {[%clk 0:09:13]} Ra3 {[%clk 0:12:30]} 48. Be8
{[%clk 0:01:02]} Be6 {[%clk 0:11:37]} 49. f4 {[%clk 0:00:38]} Bc4+
{[%clk 0:10:58]} 50. Kf3 {[%clk 0:01:08]} c2+ {[%clk 0:10:21]} 51. Kg4
{[%clk 0:01:31]} Bd3 {[%clk 0:10:47]} 52. Bb5 {[%clk 0:00:53]} Bxe4
{[%clk 0:11:10]} 53. fxe5 {[%clk 0:00:37]} fxe5 {[%clk 0:11:37]} 54. Be2
{[%clk 0:00:38]} Kd4 {[%clk 0:10:45]} 55. Bf1 {[%clk 0:00:32]} Rb3
{[%clk 0:11:04]} 0-1

[Event "WCO 2016"]
[Site "?"]
[Date "2016.09.13"]
[Round "11"]
[Board "3"]
[WhiteID "8603642"]
[White "Tan Zhongyi"]
[BlackID "4147103"]
[Black "Goryachkina Aleksandra"]
[Result "1-0"]
[BlackElo "2475"]
[WhiteElo "2475"]
[LiveChessVersion "1.4.8"]

1. Nf3 {[%clk 1:30:57]} d5 {[%clk 1:30:42]} 2. d4 {[%clk 1:31:20]} Nf6
{[%clk 1:30:57]} 3. c4 {[%clk 1:31:43]} c6 {[%clk 1:31:13]} 4. Nc3
{[%clk 1:32:06]} e6 {[%clk 1:31:18]} 5. g3 {[%clk 1:32:18]} dxc4 {[%clk 1:29:32]}
6. Ne5 {[%clk 1:32:39]} Nbd7 {[%clk 1:27:29]} 7. Nxc4 {[%clk 1:32:45]} b5
{[%clk 1:25:56]} 8. Ne3 {[%clk 1:23:28]} Bb7 {[%clk 1:23:10]} 9. Bg2
{[%clk 1:23:50]} Qb6 {[%clk 1:20:44]} 10. O-O {[%clk 1:23:11]} Be7
{[%clk 1:18:16]} 11. b3 {[%clk 1:17:51]} O-O {[%clk 1:16:29]} 12. Bb2
{[%clk 1:17:44]} Rac8 {[%clk 1:13:34]} 13. a3 {[%clk 1:03:46]} Nd5
{[%clk 0:59:52]} 14. b4 {[%clk 1:01:09]} a5 {[%clk 0:53:41]} 15. Qb3
{[%clk 1:00:00]} axb4 {[%clk 0:47:29]} 16. axb4 {[%clk 1:00:23]} Ra8
{[%clk 0:41:17]} 17. Nc2 {[%clk 0:59:06]} Nxc3 {[%clk 0:38:03]} 18. Bxc3
{[%clk 0:57:29]} Rxa1 {[%clk 0:35:27]} 19. Rxa1 {[%clk 0:56:27]} Bf6
{[%clk 0:35:26]} 20. Qb2 {[%clk 0:51:31]} Re8 {[%clk 0:31:56]} 21. Rd1
{[%clk 0:50:20]} Qa7 {[%clk 0:20:00]} 22. Na1 {[%clk 0:44:10]} Nb6
{[%clk 0:17:25]} 23. Nb3 {[%clk 0:44:06]} Na4 {[%clk 0:14:29]} 24. Qc2
{[%clk 0:43:47]} Nxc3 {[%clk 0:13:34]} 25. Qxc3 {[%clk 0:44:12]} Qb6
{[%clk 0:11:00]} 26. Nc5 {[%clk 0:37:36]} Rd8 {[%clk 0:11:07]} 27. Rd3
{[%clk 0:28:06]} Be7 {[%clk 0:09:19]} 28. e4 {[%clk 0:24:47]} e5 {[%clk 0:02:49]}
29. dxe5 {[%clk 0:15:47]} Bc8 {[%clk 0:02:31]} 30. Bf1 {[%clk 0:12:38]} Rxd3
{[%clk 0:01:42]} 31. Bxd3 {[%clk 0:10:39]} Qd8 {[%clk 0:01:55]} 32. Bc2
{[%clk 0:09:53]} Bh3 {[%clk 0:01:11]} 33. Nd3 {[%clk 0:10:13]} Qd7
{[%clk 0:01:00]} 34. Nf4 {[%clk 0:10:22]} Bg4 {[%clk 0:00:55]} 35. Bb3
{[%clk 0:08:17]} g6 {[%clk 0:00:40]} 36. h3 {[%clk 0:05:54]} Be6 {[%clk 0:00:53]}
37. Bxe6 {[%clk 0:05:31]} fxe6 {[%clk 0:01:21]} 38. Kg2 {[%clk 0:05:46]} Bf8
{[%clk 0:00:37]} 39. h4 {[%clk 0:03:47]} Be7 {[%clk 0:00:47]} 40. Ne2
{[%clk 0:33:36]} c5 {[%clk 0:30:43]} 41. bxc5 {[%clk 0:33:13]} Qc6
{[%clk 0:30:02]} 42. Nd4 {[%clk 0:25:09]} Qxe4+ {[%clk 0:27:33]} 43. Kh2
{[%clk 0:25:15]} Qxe5 {[%clk 0:18:13]} 44. c6 {[%clk 0:24:18]} Bd6
{[%clk 0:15:00]} 45. Qe3 {[%clk 0:24:09]} b4 {[%clk 0:09:43]} 46. Nb5
{[%clk 0:23:51]} Qxb5 {[%clk 0:01:23]} 47. Qxe6+ {[%clk 0:24:15]} Kg7
{[%clk 0:01:45]} 48. Qxd6 {[%clk 0:24:37]} Qb6 {[%clk 0:01:36]} 49. Kg2
{[%clk 0:19:24]} b3 {[%clk 0:02:00]} 50. Qe7+ {[%clk 0:18:20]} Kg8
{[%clk 0:01:26]} 51. Qb7 {[%clk 0:18:33]} 1-0

[Event "WCO 2016"]
[Site "?"]
[Date "2016.09.13"]
[Round "11"]
[Board "4"]
[WhiteID "4147855"]
[White "Pogonina Natalija"]
[BlackID "8604002"]
[Black "Guo Qi"]
[Result "1-0"]
[BlackElo "2417"]
[WhiteElo "2484"]
[LiveChessVersion "1.4.8"]

1. d4 {[%clk 1:30:56]} Nf6 {[%clk 1:30:43]} 2. c4 {[%clk 1:31:21]} e6
{[%clk 1:31:08]} 3. g3 {[%clk 1:31:47]} d5 {[%clk 1:30:53]} 4. Nf3
{[%clk 1:32:11]} Bb4+ {[%clk 1:30:35]} 5. Bd2 {[%clk 1:32:28]} Be7
{[%clk 1:30:35]} 6. Bg2 {[%clk 1:32:47]} c6 {[%clk 1:29:42]} 7. Qc2
{[%clk 1:30:37]} O-O {[%clk 1:29:54]} 8. O-O {[%clk 1:31:00]} b6 {[%clk 1:29:51]}
9. Bf4 {[%clk 1:29:43]} Bb7 {[%clk 1:28:50]} 10. Rd1 {[%clk 1:22:05]} Nbd7
{[%clk 1:28:07]} 11. Ne5 {[%clk 1:22:22]} Nxe5 {[%clk 1:23:13]} 12. dxe5
{[%clk 1:22:35]} Nd7 {[%clk 1:23:29]} 13. cxd5 {[%clk 1:21:55]} cxd5
{[%clk 1:23:31]} 14. e4 {[%clk 1:21:53]} dxe4 {[%clk 1:05:25]} 15. Bxe4
{[%clk 1:19:08]} Bxe4 {[%clk 1:04:40]} 16. Qxe4 {[%clk 1:19:34]} Nc5
{[%clk 0:56:27]} 17. Qe2 {[%clk 1:05:55]} Qc8 {[%clk 0:49:11]} 18. Nc3
{[%clk 1:00:09]} Rd8 {[%clk 0:46:52]} 19. Rxd8+ {[%clk 0:47:06]} Qxd8
{[%clk 0:45:37]} 20. b4 {[%clk 0:44:57]} Nd7 {[%clk 0:40:06]} 21. Qe4
{[%clk 0:39:14]} a5 {[%clk 0:36:01]} 22. Rd1 {[%clk 0:37:45]} Rc8
{[%clk 0:32:57]} 23. Nb5 {[%clk 0:36:52]} Qe8 {[%clk 0:29:35]} 24. Qb7
{[%clk 0:34:14]} Nf8 {[%clk 0:29:29]} 25. Nd6 {[%clk 0:30:21]} Rb8
{[%clk 0:20:01]} 26. Qa7 {[%clk 0:23:09]} Qd8 {[%clk 0:18:23]} 27. Rd2
{[%clk 0:21:51]} Ra8 {[%clk 0:17:27]} 28. Qb7 {[%clk 0:22:07]} Rb8
{[%clk 0:16:19]} 29. Qc6 {[%clk 0:21:34]} Qd7 {[%clk 0:13:02]} 30. b5
{[%clk 0:17:11]} h6 {[%clk 0:06:44]} 31. Be3 {[%clk 0:15:22]} f6 {[%clk 0:05:42]}
32. Nf5 {[%clk 0:09:00]} Qa7 {[%clk 0:05:15]} 33. Nxe7+ {[%clk 0:09:07]} Qxe7
{[%clk 0:05:40]} 34. exf6 {[%clk 0:09:14]} Qxf6 {[%clk 0:05:13]} 35. Bxb6
{[%clk 0:09:31]} Ng6 {[%clk 0:04:43]} 36. Qc7 {[%clk 0:07:17]} Rf8
{[%clk 0:04:26]} 37. Bd4 {[%clk 0:06:29]} e5 {[%clk 0:03:24]} 38. Bc5
{[%clk 0:04:19]} Re8 {[%clk 0:01:19]} 39. Qd7 {[%clk 0:03:50]} Rb8
{[%clk 0:00:53]} 40. b6 {[%clk 0:32:07]} Kh7 {[%clk 0:30:41]} 41. Qd6
{[%clk 0:20:15]} Rb7 {[%clk 0:22:44]} 42. Qxf6 {[%clk 0:17:01]} gxf6
{[%clk 0:23:08]} 43. Rd6 {[%clk 0:17:29]} Nf8 {[%clk 0:05:56]} 44. Rc6
{[%clk 0:16:27]} 1-0

[Event "WCO 2016"]
[Site "?"]
[Date "2016.09.13"]
[Round "11"]
[Board "5"]
[WhiteID "12400149"]
[White "Hoang Thanh Trang"]
[BlackID "1106619"]
[Black "Socko Monika"]
[Result "1/2-1/2"]
[BlackElo "2437"]
[WhiteElo "2467"]
[LiveChessVersion "1.4.8"]

1. d4 {[%clk 1:30:47]} Nf6 {[%clk 1:30:56]} 2. Nf3 {[%clk 1:30:45]} e6
{[%clk 1:31:22]} 3. Bf4 {[%clk 1:30:33]} d5 {[%clk 1:31:36]} 4. e3
{[%clk 1:29:58]} c5 {[%clk 1:31:59]} 5. Nbd2 {[%clk 1:27:38]} Nc6
{[%clk 1:32:10]} 6. c3 {[%clk 1:27:37]} Bd6 {[%clk 1:32:25]} 7. Bg3
{[%clk 1:27:38]} Qe7 {[%clk 1:32:13]} 8. Ne5 {[%clk 1:25:57]} O-O
{[%clk 1:28:02]} 9. Bd3 {[%clk 1:24:44]} Nd7 {[%clk 1:23:54]} 10. Ndf3
{[%clk 1:13:53]} f5 {[%clk 1:15:39]} 11. O-O {[%clk 1:09:09]} Ndxe5
{[%clk 1:04:01]} 12. Nxe5 {[%clk 1:05:33]} Bxe5 {[%clk 1:00:56]} 13. Bxe5
{[%clk 1:00:34]} Nxe5 {[%clk 0:59:55]} 14. dxe5 {[%clk 1:00:54]} Bd7
{[%clk 1:00:07]} 15. f4 {[%clk 0:56:02]} Rab8 {[%clk 0:57:56]} 16. a4
{[%clk 0:50:32]} Bc6 {[%clk 0:57:21]} 17. Qd2 {[%clk 0:47:06]} Rbd8
{[%clk 0:56:42]} 18. Bb5 {[%clk 0:42:59]} Qc7 {[%clk 0:53:12]} 19. Bxc6
{[%clk 0:40:31]} Qxc6 {[%clk 0:53:00]} 20. b4 {[%clk 0:38:22]} Rd7
{[%clk 0:48:46]} 21. Rfb1 {[%clk 0:34:43]} d4 {[%clk 0:39:27]} 22. bxc5
{[%clk 0:30:43]} dxe3 {[%clk 0:39:34]} 23. Qxe3 {[%clk 0:29:22]} Rfd8
{[%clk 0:39:58]} 24. Qf3 {[%clk 0:21:31]} Qxc5+ {[%clk 0:39:08]} 25. Kh1
{[%clk 0:21:46]} b6 {[%clk 0:35:02]} 26. a5 {[%clk 0:15:55]} Rd3 {[%clk 0:33:51]}
27. Qf1 {[%clk 0:15:49]} Qxc3 {[%clk 0:28:24]} 28. axb6 {[%clk 0:15:48]} axb6
{[%clk 0:28:52]} 29. h3 {[%clk 0:12:46]} Qd4 {[%clk 0:27:09]} 30. Ra6
{[%clk 0:09:40]} Rd2 {[%clk 0:20:06]} 31. Raxb6 {[%clk 0:08:12]} Rf2
{[%clk 0:20:17]} 32. Qc1 {[%clk 0:06:02]} h6 {[%clk 0:16:10]} 33. Qc6
{[%clk 0:05:22]} Qxf4 {[%clk 0:14:35]} 34. Qxe6+ {[%clk 0:04:40]} Kh8 35. Rd6
{[%clk 0:02:50]} Rf1+ {[%clk 0:14:53]} 36. Rxf1 {[%clk 0:03:15]} Qxf1+
{[%clk 0:15:21]} 37. Kh2 {[%clk 0:03:36]} Qf4+ {[%clk 0:13:51]} 38. Kh1
{[%clk 0:03:53]} Qf1+ {[%clk 0:10:30]} 39. Kh2 {[%clk 0:04:16]} Qf4+
{[%clk 0:09:41]} 40. Kh1 {[%clk 0:34:41]} Qf1+ 1/2-1/2